000 00221nam a2200085Ia 4500
008 170620s9999 xx 000 0 und d
100 _aHurlock- Elizabeth B
245 0 _aPersonality development
260 _bNew Delhi- Tata McGraw Hill
260 _c2011
999 _c25628
_d25628